Estadística para las ciencias sociales
Guardat en:
| Autors principals: | , |
|---|---|
| Format: | Llibre |
| Idioma: | espanyol |
| Publicat: |
Wilmington
Addison-Wesley Iberoamericana
1992
|
| Matèries: | |
| Etiquetes: |
Afegir etiqueta
Sense etiquetes, Sigues el primer a etiquetar aquest registre!
|
MARC
| LEADER | 00000nam a2200000 a 4500 | ||
|---|---|---|---|
| 001 | UCQ9669 | ||
| 003 | CL-VaPUC | ||
| 008 | 990112e19920000US |||||||||||||||||spa|d | ||
| 082 | 0 | 4 | |a 300.21 |b RUN |2 21 |
| 100 | 0 | |a Runyon, Richard Porter |e author |9 424372 | |
| 700 | |a Haber, Audrey |e author |9 424373 | ||
| 245 | 1 | 0 | |a Estadística para las ciencias sociales |
| 300 | |a 467 p | ||
| 942 | |c BK | ||
| 945 | |d 19990112 00:00:00 |a aarredon | ||
| 260 | |a Wilmington |b Addison-Wesley Iberoamericana |c 1992 | ||
| 650 | 0 | |a Estadística aplicada |9 270522 | |
| 650 | 7 | |a ESTADISTICAS DESCRIPTIVAS |2 CL-VaPUC |9 335950 | |
| 650 | 7 | |a PRESENTACION ESTADISTICA |2 CL-VaPUC |9 338209 | |
| 650 | 0 | |a Datos estadísticos |9 329380 | |
| 650 | 0 | |a Ciencias sociales |9 256351 | |
| 650 | 0 | |a Análisis estadístico |9 269506 | |
| 650 | 7 | |a CORRELACION |2 CL-VaPUC |9 424374 | |
| 583 | |a last modification |c 19990112 00:00:00 |k Rodrigo Vera | ||
| 999 | |c 278656 |d 278654 | ||
| 952 | |0 0 |1 0 |4 0 |6 300_210000000000000_RUN_1992 |7 0 |8 A |9 317345 |a BIBENE |b BIBENE |d 2019-11-20 |i 3481255 |o 300.21 RUN 1992 |p 3481255 |r 2025-01-15 |w 2019-11-20 |y BK |k ICO | ||